000 00502nam a2200193 a 4500
001 1770904870417
003 YourLibrary
005 20260213123714.0
008 260212s2003##################000#0#eng##
020 _a9780747563006
082 0 4 _a306.45
_bPOL
100 1 _aPollan, Michael,
_eauthor.
245 1 0 _aThe Botany of Desire :
260 _bBloomsbury Paperbacks,
_c2003.
300 _a291 pages
650 0 _aSocial Science.
942 _cENGLISH
040 _aYourLibrary
_beng
_cYourLibrary
999 _c612309
_d612309